000 00406cam a2200157ua 4500
041 _aeng
_h
082 _a330.1
_bROB/ EX
100 _aRobinson, Joan .
245 _aExercises in economic analysis /
_cJoan Robinson.
_hTextual Documents
250 _a1 /
_b.
260 _aMelbourne :
_bMacMillan and Company Limited ,
_c1963.
300 _a242 ; .
504 _a
942 _cBK
999 _c2134
_d2134